Statistiques concernant Parfum exotique - Baudelaire

Cliquez ici pour prendre le quiz!

Statistiques générales

  • Ce quiz a été pris 56 fois
  • Le résultat moyen est 60 sur 118

Statistiques - réponses

Texte% Correct
l'
88%
par
84%
le
75%
m'
75%
d'
72%
la
72%
les
72%
en
69%
mon
69%
au
66%
de
66%
et
66%
Et
66%
parfum
66%
Se
66%
se
66%
Je
63%
sa
63%
Des
59%
des
59%
un
59%
odeur
56%
Qu'
56%
Quand
56%
automne
50%
dans
50%
est
50%
sein
50%
soir
50%
ton
50%
tout
50%
chaleureux
47%
femmes
47%
47%
respire
47%
soleil
47%
Une
47%
voiles
47%
yeux
47%
chaud
44%
deux
44%
dont
44%
Encore
44%
mâts
44%
que
44%
vois
44%
arbres
41%
corps
41%
étonne
41%
fermés
41%
fruits
41%
heureux
41%
hommes
41%
île
41%
monotone
41%
oeil
41%
Qui
41%
tamariniers
41%
verts
41%
chant
38%
dérouler
38%
fatigués
38%
franchise
38%
marine
38%
mariniers
38%
port
38%
rivages
38%
vague
38%
âme
34%
donne
34%
feux
34%
mêle
34%
nature
34%
savoureux
34%
air
31%
climats
31%
éblouissent
31%
enfle
31%
Guidé
31%
mince
31%
narine
31%
paresseuse
31%
rempli
31%
vers
31%
vigoureux
31%
charmants
28%
Pendant
28%
singuliers
28%
circule
22%

Distribution des résultats

Percentile par nombre de réponses

% des personnes avec chaque résultat

Votre développement - résultats

Vous n’avez pas pris ce quiz